000
00266nam a2200109Ia 4500
008
220120s9999||||xx |||||||||||||| ||und||
100
_a
Fabricius, Eugene, D
245
0
_a
Introduction to VLSI design
260
_a
Mc graw hill
_c
1990
300
_b
0
650
_a
CIVIL
999
_c
137116
_d
137116